| 000 | 01295cam a22002535a 4500 | ||
|---|---|---|---|
| 001 | L158193 | ||
| 008 | 110523s2014 xxka f 000 0 eng u | ||
| 020 | _a9781848063914 | ||
| 035 | _a(Sirsi) u158193 | ||
| 041 | 0 | _aeng | |
| 050 | 0 | 4 | _a692.21 $2 18 |
| 100 | 1 | _aWilliams, Corinne | |
| 245 | 0 | 0 |
_aWatermist systems for fire protection in domestic and residential buildings _bAn introduction |
| 260 |
_aWatford _bBRE _c2014 |
||
| 300 |
_a12p. _bill. _c30cm. |
||
| 490 | 0 |
_aBRE Digest _v(DG 534) |
|
| 520 | _aIntroduces the subject of watermist systems in domestic and residential building types to designers, specifiers, authorities having jurisdiction, end clients, developers, fire safety managers and non-specialists. Watermist fire protection systems are seen as a novel technology in the market but are sensitive to small design changes. Therefore, for successful implementation, watermist suppliers and approving bodies require an indepth knowledge of the system and its intended application. They are being offerend as a 'green' alternative to sprinkler systems because of their potential to reduce water consumption. | ||
| 521 | _aAdvanced | ||
| 590 | _aKA | ||
| 650 | 2 | 4 | _aFIRE RISK MANAGEMENT |
| 651 | 4 |
_aUnited Kingdom _y |
|
| 690 |
_aHealth and safety _96244 |
||
| 942 | _n0 | ||
| 999 |
_c115193 _d115193 |
||